<?xml version="1.0" encoding="UTF-8"?>
<record
    xmlns:xsi="http://www.w3.org/2001/XMLSchema-instance"
    xsi:schemaLocation="http://www.loc.gov/MARC21/slim http://www.loc.gov/standards/marcxml/schema/MARC21slim.xsd"
    xmlns="http://www.loc.gov/MARC21/slim">

  <leader>00751nam a2200229 a 4500</leader>
  <controlfield tag="001">BRCA_6962</controlfield>
  <controlfield tag="005">20190320205648.0</controlfield>
  <controlfield tag="008">221111s1921----gw-ab#####---#000-0#ger-#</controlfield>
  <datafield tag="041" ind1=" " ind2=" ">
    <subfield code="a">ger</subfield>
  </datafield>
  <datafield tag="044" ind1=" " ind2=" ">
    <subfield code="a">gw</subfield>
  </datafield>
  <datafield tag="050" ind1=" " ind2="4">
    <subfield code="a">DB879</subfield>
    <subfield code="b">.K3 K5</subfield>
    <subfield code="c">1921</subfield>
  </datafield>
  <datafield tag="100" ind1="1" ind2=" ">
    <subfield code="a">Kl&#xF6;psch, Franz Xaver</subfield>
    <subfield code="9">17351</subfield>
  </datafield>
  <datafield tag="245" ind1="1" ind2="0">
    <subfield code="a">Karlsbad und Umgebung</subfield>
    <subfield code="b">Praktischer F&#xFC;hrer fur Kurg&#xE4;ste und Touristen</subfield>
    <subfield code="c">bearbeitet von Franz Xaver Kl&#xF6;psch</subfield>
  </datafield>
  <datafield tag="260" ind1=" " ind2=" ">
    <subfield code="a">Berl&#xED;n</subfield>
    <subfield code="b">Albert Goldschmidt</subfield>
    <subfield code="c">1921</subfield>
  </datafield>
  <datafield tag="300" ind1=" " ind2=" ">
    <subfield code="a">96 p.</subfield>
    <subfield code="b">il., 1 mapa</subfield>
    <subfield code="c">15 cm.</subfield>
  </datafield>
  <datafield tag="440" ind1=" " ind2="0">
    <subfield code="a">Griebens Reisef&#xFC;hrer</subfield>
    <subfield code="v">43</subfield>
    <subfield code="9">17352</subfield>
  </datafield>
  <datafield tag="500" ind1=" " ind2=" ">
    <subfield code="a">Estado F&#xED;sico: portada y primera p&#xE1;gina desprendida</subfield>
  </datafield>
  <datafield tag="500" ind1=" " ind2=" ">
    <subfield code="a">L152</subfield>
  </datafield>
  <datafield tag="651" ind1=" " ind2="4">
    <subfield code="a">Karlovy Vary (Rep&#xFA;blica Checa)</subfield>
    <subfield code="v">Gu&#xED;a de viajeros</subfield>
    <subfield code="9">17353</subfield>
  </datafield>
  <datafield tag="902" ind1=" " ind2=" ">
    <subfield code="a">GFM</subfield>
  </datafield>
  <datafield tag="942" ind1=" " ind2=" ">
    <subfield code="2">lcc</subfield>
    <subfield code="c">B</subfield>
  </datafield>
  <datafield tag="999" ind1=" " ind2=" ">
    <subfield code="c">6644</subfield>
    <subfield code="d">6644</subfield>
  </datafield>
  <datafield tag="952" ind1=" " ind2=" ">
    <subfield code="0">0</subfield>
    <subfield code="1">0</subfield>
    <subfield code="4">0</subfield>
    <subfield code="7">0</subfield>
    <subfield code="a">BRCA</subfield>
    <subfield code="b">BRCA</subfield>
    <subfield code="d">2011-11-22</subfield>
    <subfield code="i">L152</subfield>
    <subfield code="l">0</subfield>
    <subfield code="o">DB879 .K3 K5 1921 (L152)</subfield>
    <subfield code="p">7409</subfield>
    <subfield code="r">2019-03-22 00:00:00</subfield>
    <subfield code="w">2019-03-22</subfield>
    <subfield code="y">B</subfield>
  </datafield>
</record>
